000 00621cam a2200205u 4500
001 7772848
003 OSt
005 20250901165818.0
008 840511s1916 nyu 000 0 eng
010 _a 16006821
040 _aDLC
_cCarP
_dDLC
050 0 0 _aPZ 3 .H8697 Gr6 1916
_bGr6
_aPR6015.U23
050 0 0 _aMicrofilm 52093 PZ
100 1 _aHudson, W. H.
_q(William Henry),
_d1841-1922.
245 1 0 _aGreen mansions:
_ba romance of the tropical forest,
260 _aNew York,
_bA. A. Knopf,
_c1916.
300 _axvi p., 1 l.,
_b350 p.
_c20 cm.
906 _a0
_bcbc
_cpremunv
_du
_encip
_f19
_gy-gencatlg
942 _2lcc
_cBK
999 _c9545
_d9545